[Event "Orlická šachovnice 2022"]
[Site "Usti nad Orlici"]
[Date "2022.04.09"]
[Round "2.1"]
[White "Dymak, Jonas"]
[Black "Dusanek, Michal"]
[Result "0-1"]
[WhiteElo "1087"]
[BlackElo "1725"]
[PlyCount "46"]
[EventDate "2022.04.09"]

{[%evp 0,28,21,21,46,30,53,50,92,68,60,63,107,94,71,33,40,29,79,64,75,-97,46,
29,4,2,-26,-66,-60,-385,-401]} 1. e4 {[%emt 0:00:01]} c5 2. Nf3 {[%emt 0:00:03]
} Nc6 {[%emt 0:00:16]} 3. Nc3 g6 {[%emt 0:00:01]} 4. Bc4 {[%emt 0:00:08]} Bg7 {
[%emt 0:00:01]} 5. O-O {[%emt 0:00:02]} e6 {[%emt 0:00:07]} 6. d3 {[%emt 0:00:
19]} Nge7 {[%emt 0:00:01]} 7. Bg5 {[%emt 0:00:05]} O-O {[%emt 0:00:07]} 8. h3 {
[%emt 0:00:08]} Qa5 {[%emt 0:00:15]} 9. Qd2 {[%emt 0:00:46]} d6 {[%emt 0:00:18]
} 10. Bb5 {[%emt 0:00:08]} a6 {[%emt 0:00:07]} 11. Bxc6 {[%emt 0:00:05]} Nxc6 {
[%emt 0:00:04]} 12. Bh6 {[%emt 0:00:22]} Nd4 {[%emt 0:00:17]} 13. Qf4 {[%emt 0:
00:25]} Nxf3+ {[%emt 0:00:06]} 14. Qxf3 {[%emt 0:00:06]} Bxh6 {[%emt 0:00:03]}
15. a3 {[%emt 0:00:24]} b5 {[%emt 0:00:10]} 16. e5 {[%emt 0:00:35]} d5 {
[%emt 0:00:03]} 17. a4 {[%emt 0:00:15]} b4 {[%emt 0:00:18]} 18. Ne2 {[%emt 0:
00:27]} Rb8 {[%emt 0:00:05]} 19. b3 {[%emt 0:00:06]} Bb7 {[%emt 0:00:06]} 20.
Ng3 {[%emt 0:00:24]} c4 {[%emt 0:00:06]} 21. dxc4 {[%emt 0:00:04]} dxc4 22. Qe2
{[%emt 0:00:12]} Qd5 {[%emt 0:00:12]} 23. bxc4 {[%emt 0:00:05]} Qxg2# {[%emt 0:
00:03]} 0-1

[Event "Orlická šachovnice 2022"]
[Site "Usti nad Orlici"]
[Date "2022.04.09"]
[Round "2.2"]
[White "Shvachko, Gleb"]
[Black "Hejzlar, Hugo"]
[Result "1-0"]
[WhiteElo "1723"]
[BlackElo "1082"]
[PlyCount "52"]
[EventDate "2022.04.09"]

{[%evp 0,8,30,23,32,28,44,44,38,38,38]} 1. d4 {[%emt 0:00:01]} Nf6 {[%emt 0:00:
04]} 2. Nf3 g6 {[%emt 0:00:02]} 3. Bf4 {[%emt 0:00:01]} Bg7 {[%emt 0:00:03]} 4.
e3 {[%emt 0:00:01]} O-O {[%emt 0:00:05]} 5. c4 {[%emt 0:00:03]} d6 {[%emt 0:00:
03]} 6. Nc3 {[%emt 0:00:01]} Nbd7 {[%emt 0:00:06]} 7. Be2 {[%emt 0:00:02]} c5 {
[%emt 0:00:22]} 8. dxc5 {[%emt 0:00:16]} Nxc5 {[%emt 0:00:07]} 9. O-O {[%emt 0:
00:10]} Bf5 {[%emt 0:00:23]} 10. h3 {[%emt 0:00:32]} Rc8 {[%emt 0:00:13]} 11.
Nd4 {[%emt 0:00:35]} Bd7 {[%emt 0:00:55]} 12. Bh2 {[%emt 0:00:04]} Qc7 {
[%emt 0:00:39]} 13. Rc1 {[%emt 0:00:29]} a6 {[%emt 0:01:18]} 14. Bf3 {[%emt 0:
01:21]} Rfe8 {[%emt 0:01:58]} 15. Nb3 {[%emt 0:01:15]} Nxb3 {[%emt 0:00:52]}
16. Qxb3 {[%emt 0:00:05]} Bc6 {[%emt 0:00:21]} 17. e4 {[%emt 0:01:17]} Qd7 {
[%emt 0:02:26]} 18. Rfd1 {[%emt 0:00:14]} Qc7 {[%emt 0:00:49]} 19. c5 {[%emt 0:
00:28]} Rcd8 {[%emt 0:00:58]} 20. cxd6 {[%emt 0:01:05]} exd6 {[%emt 0:00:04]}
21. Nd5 {[%emt 0:00:18]} Qd7 {[%emt 0:00:46]} 22. Nxf6+ {[%emt 0:00:08]} Bxf6 {
[%emt 0:00:03]} 23. Bxd6 {[%emt 0:00:39]} Qe6 {[%emt 0:00:21]} 24. Qxe6 {
[%emt 0:00:52]} Rxe6 {[%emt 0:00:02]} 25. e5 {[%emt 0:00:48]} Bg5 {[%emt 0:00:
13]} 26. Rc3 {[%emt 0:00:16]} h6 {[%emt 0:00:05]} 1-0

[Event "Orlická šachovnice 2022"]
[Site "Usti nad Orlici"]
[Date "2022.04.09"]
[Round "2.3"]
[White "Pusztai, Radim"]
[Black "Bara, Jan"]
[Result "0-1"]
[WhiteElo "1084"]
[BlackElo "1597"]
[PlyCount "90"]
[EventDate "2022.04.09"]

{[%evp 0,19,30,20,54,3,21,3,60,-11,33,-16,-10,-14,-14,-14,9,-5,35,37,29,3]} 1.
e4 {[%emt 0:00:01]} c5 2. c3 {[%emt 0:00:05]} Nc6 {[%emt 0:00:01]} 3. Nf3 {
[%emt 0:00:02]} g6 {[%emt 0:00:04]} 4. Bb5 {[%emt 0:00:10]} d5 {[%emt 0:00:20]}
5. Bxc6+ {[%emt 0:00:50]} bxc6 {[%emt 0:00:01]} 6. e5 {[%emt 0:00:17]} Bg7 {
[%emt 0:00:26]} 7. d4 {[%emt 0:00:19]} cxd4 {[%emt 0:00:04]} 8. cxd4 e6 {
[%emt 0:00:26]} 9. O-O {[%emt 0:00:19]} Ne7 {[%emt 0:00:08]} 10. Bg5 {[%emt 0:
00:09]} O-O {[%emt 0:00:19]} 11. h3 {[%emt 0:00:48]} Qc7 {[%emt 0:00:56]} 12.
Re1 {[%emt 0:00:38]} Rb8 {[%emt 0:00:15]} 13. b3 {[%emt 0:00:06]} c5 {[%emt 0:
00:25]} 14. dxc5 {[%emt 0:00:26]} Qxc5 {[%emt 0:00:10]} 15. Nbd2 {[%emt 0:00:
20]} Nc6 {[%emt 0:01:03]} 16. Rc1 {[%emt 0:00:16]} Qb6 17. Be3 {[%emt 0:00:06]}
d4 {[%emt 0:00:02]} 18. Bf4 {[%emt 0:00:26]} Ba6 {[%emt 0:00:57]} 19. Nc4 {
[%emt 0:00:37]} Bxc4 {[%emt 0:00:18]} 20. Rxc4 {[%emt 0:00:02]} Rfd8 {[%emt 0:
00:38]} 21. Bg5 {[%emt 0:00:48]} Rd5 {[%emt 0:00:09]} 22. Bf4 {[%emt 0:00:29]}
Rbd8 {[%emt 0:00:32]} 23. Re4 {[%emt 0:01:35]} h6 {[%emt 0:02:05]} 24. Qd2 {
[%emt 0:00:07]} g5 {[%emt 0:00:05]} 25. Bg3 {[%emt 0:00:04]} a6 {[%emt 0:00:20]
} 26. Qc1 {[%emt 0:00:26]} Na5 {[%emt 0:00:17]} 27. Ra4 {[%emt 0:00:11]} d3 {
[%emt 0:00:10]} 28. Qd2 {[%emt 0:00:02]} Rc8 {[%emt 0:00:09]} 29. Ne1 {[%emt 0:
00:09]} Rcd8 {[%emt 0:00:09]} 30. Nf3 {[%emt 0:00:25]} Nb7 {[%emt 0:00:06]} 31.
Rab4 {[%emt 0:00:04]} Qa7 {[%emt 0:00:03]} 32. Ne1 {[%emt 0:00:09]} Nc5 {
[%emt 0:00:03]} 33. Rec4 {[%emt 0:00:07]} a5 {[%emt 0:00:03]} 34. Rb5 {[%emt 0:
00:05]} Bxe5 {[%emt 0:00:08]} 35. Bxe5 {[%emt 0:00:05]} Rxe5 36. Nf3 {[%emt 0:
00:03]} Re2 {[%emt 0:00:02]} 37. Qd1 {[%emt 0:00:17]} Rd5 {[%emt 0:00:03]} 38.
Ne1 {[%emt 0:00:07]} Nxb3 {[%emt 0:00:10]} 39. Rxd5 {[%emt 0:00:06]} Qxf2+ {
[%emt 0:00:01]} 40. Kh1 {[%emt 0:00:03]} Rxe1+ {[%emt 0:00:03]} 41. Qxe1 {
[%emt 0:00:09]} Qxe1+ {[%emt 0:00:02]} 42. Kh2 {[%emt 0:00:04]} exd5 {[%emt 0:
00:02]} 43. Rc8+ {[%emt 0:00:02]} Kg7 {[%emt 0:00:01]} 44. axb3 d2 {[%emt 0:00:
01]} 45. Rc5 {[%emt 0:00:03]} d1=Q {[%emt 0:00:02]} 0-1

[Event "Orlická šachovnice 2022"]
[Site "Usti nad Orlici"]
[Date "2022.04.09"]
[Round "3.1"]
[White "Dusanek, Michal"]
[Black "Sorf, Filip"]
[Result "1-0"]
[WhiteElo "1725"]
[BlackElo "1338"]
[PlyCount "69"]
[EventDate "2022.04.09"]

{[%evp 0,20,23,25,33,13,18,18,57,53,48,22,18,6,9,-7,3,8,5,16,216,213,231]} 1.
e4 {[%emt 0:00:02]} e5 {[%emt 0:00:02]} 2. Nf3 {[%emt 0:00:01]} Nc6 {[%emt 0:
00:03]} 3. Bc4 {[%emt 0:00:01]} Be7 {[%emt 0:00:03]} 4. Nc3 {[%emt 0:00:04]}
Nf6 {[%emt 0:00:04]} 5. d3 {[%emt 0:00:01]} O-O {[%emt 0:00:04]} 6. Be3 {
[%emt 0:00:03]} d6 {[%emt 0:00:18]} 7. Qd2 {[%emt 0:00:14]} a6 {[%emt 0:00:24]}
8. h3 {[%emt 0:00:04]} Be6 {[%emt 0:00:30]} 9. Nd5 {[%emt 0:00:27]} Nxd5 {
[%emt 0:00:35]} 10. exd5 {[%emt 0:00:02]} b5 {[%emt 0:00:51]} 11. Bb3 {[%emt 0:
00:11]} Bd7 {[%emt 0:00:38]} 12. dxc6 {[%emt 0:00:05]} Bxc6 {[%emt 0:00:02]}
13. O-O-O {[%emt 0:00:11]} a5 {[%emt 0:00:37]} 14. c3 {[%emt 0:00:45]} a4 {
[%emt 0:00:38]} 15. Bc2 Qc8 {[%emt 0:00:45]} 16. d4 {[%emt 0:00:18]} Rd8 {
[%emt 0:00:37]} 17. d5 {[%emt 0:00:07]} Bd7 {[%emt 0:00:05]} 18. Qd3 {[%emt 0:
00:02]} f5 {[%emt 0:00:36]} 19. Bg5 {[%emt 0:01:31]} e4 {[%emt 0:00:39]} 20.
Qd4 {[%emt 0:00:16]} exf3 {[%emt 0:01:16]} 21. Bxe7 {[%emt 0:00:03]} fxg2 {
[%emt 0:00:23]} 22. Rhg1 {[%emt 0:00:07]} Re8 {[%emt 0:00:43]} 23. Bf6 {
[%emt 0:00:25]} g6 {[%emt 0:01:47]} 24. Rxg2 {[%emt 0:00:32]} a3 {[%emt 0:00:
25]} 25. b3 {[%emt 0:00:17]} c5 {[%emt 0:00:19]} 26. Qf4 {[%emt 0:00:12]} Rf8 {
[%emt 0:00:26]} 27. Be7 {[%emt 0:00:30]} Rf7 {[%emt 0:00:07]} 28. Bxd6 {
[%emt 0:00:06]} b4 {[%emt 0:00:12]} 29. c4 {[%emt 0:00:06]} Ra6 {[%emt 0:00:05]
} 30. Rdg1 {[%emt 0:00:10]} Be8 {[%emt 0:00:07]} 31. h4 {[%emt 0:00:19]} Rg7 {
[%emt 0:00:04]} 32. h5 {[%emt 0:00:13]} Qd7 {[%emt 0:00:02]} 33. Be5 {[%emt 0:
00:07]} Rf7 {[%emt 0:00:05]} 34. hxg6 {[%emt 0:00:02]} Rf8 {[%emt 0:00:02]} 35.
gxh7+ {[%emt 0:00:08]} 1-0

[Event "Orlická šachovnice 2022"]
[Site "Usti nad Orlici"]
[Date "2022.04.09"]
[Round "3.2"]
[White "Cimprich, Lukas"]
[Black "Shvachko, Gleb"]
[Result "0-1"]
[WhiteElo "1319"]
[BlackElo "1723"]
[PlyCount "94"]
[EventDate "2022.04.09"]

{[%evp 0,36,25,18,54,54,88,79,108,55,55,33,80,55,72,41,42,17,17,33,22,37,23,41,
41,20,37,-39,-36,-72,-72,-111,-117,-125,-65,-134,-147,-203,-185]} 1. e4 {
[%emt 0:00:01]} c5 {[%emt 0:00:01]} 2. Nf3 {[%emt 0:00:04]} d6 {[%emt 0:00:01]}
3. d4 {[%emt 0:00:03]} cxd4 {[%emt 0:00:01]} 4. Nxd4 {[%emt 0:00:02]} Nf6 {
[%emt 0:00:01]} 5. Nc3 {[%emt 0:00:04]} a6 {[%emt 0:00:03]} 6. Be3 {[%emt 0:00:
20]} e5 {[%emt 0:00:02]} 7. Nb3 {[%emt 0:00:09]} Be6 {[%emt 0:00:02]} 8. Be2 {
[%emt 0:00:14]} Be7 {[%emt 0:00:01]} 9. O-O {[%emt 0:00:08]} O-O {[%emt 0:00:
08]} 10. f3 {[%emt 0:00:23]} Nbd7 {[%emt 0:00:12]} 11. Qd2 {[%emt 0:00:44]} Qc7
{[%emt 0:00:09]} 12. Rfd1 {[%emt 0:01:56]} Rfd8 {[%emt 0:00:11]} 13. f4 {
[%emt 0:01:09]} Nc5 {[%emt 0:00:21]} 14. Nxc5 {[%emt 0:00:20]} dxc5 {[%emt 0:
00:02]} 15. Qe1 {[%emt 0:00:07]} exf4 {[%emt 0:00:09]} 16. Bf2 {[%emt 0:00:38]}
b5 {[%emt 0:00:12]} 17. Rxd8+ {[%emt 0:01:01]} Rxd8 {[%emt 0:00:04]} 18. Bh4 {
[%emt 0:01:11]} h6 {[%emt 0:00:53]} 19. Bxf6 {[%emt 0:00:16]} Bxf6 {[%emt 0:00:
04]} 20. Bf3 {[%emt 0:00:18]} b4 {[%emt 0:00:49]} 21. Nd5 {[%emt 0:01:30]} Bxd5
{[%emt 0:00:17]} 22. exd5 {[%emt 0:00:01]} Bxb2 {[%emt 0:00:22]} 23. Rd1 {
[%emt 0:00:12]} Bd4+ {[%emt 0:00:27]} 24. Kf1 {[%emt 0:00:13]} Qd7 {[%emt 0:00:
46]} 25. Rxd4 {[%emt 0:00:33]} cxd4 {[%emt 0:00:16]} 26. Qxb4 {[%emt 0:00:01]}
Qb5+ {[%emt 0:02:23]} 27. Qxb5 {[%emt 0:00:13]} axb5 {[%emt 0:00:02]} 28. Ke2 {
[%emt 0:00:03]} Kf8 {[%emt 0:00:02]} 29. Kd3 Ke7 {[%emt 0:00:02]} 30. Kxd4 {
[%emt 0:00:01]} Kd6 31. Be2 {[%emt 0:00:13]} Rc8 {[%emt 0:00:32]} 32. c3 {
[%emt 0:00:15]} Rc5 {[%emt 0:00:08]} 33. Bf3 {[%emt 0:00:05]} g5 {[%emt 0:00:
17]} 34. g3 {[%emt 0:00:05]} fxg3 {[%emt 0:00:04]} 35. hxg3 f5 {[%emt 0:00:08]}
36. Bg2 {[%emt 0:00:03]} Rc4+ {[%emt 0:00:07]} 37. Kd3 {[%emt 0:00:08]} Rg4 {
[%emt 0:00:02]} 38. Kc2 {[%emt 0:00:24]} Rxg3 {[%emt 0:00:03]} 39. Bf1 {
[%emt 0:00:03]} Kxd5 {[%emt 0:00:12]} 40. Bxb5 {[%emt 0:00:04]} f4 {[%emt 0:00:
04]} 41. a4 Kc5 {[%emt 0:00:04]} 42. c4 {[%emt 0:00:05]} Kb6 {[%emt 0:00:05]}
43. Kd2 {[%emt 0:00:15]} f3 {[%emt 0:00:06]} 44. Ke3 {[%emt 0:00:02]} g4 {
[%emt 0:00:02]} 45. Kf2 {[%emt 0:00:01]} Rg2+ {[%emt 0:00:01]} 46. Kf1 {
[%emt 0:00:13]} g3 {[%emt 0:00:06]} 47. Bd7 {[%emt 0:00:09]} Rc2 {[%emt 0:00:
07]} 0-1

[Event "Orlická šachovnice 2022"]
[Site "Usti nad Orlici"]
[Date "2022.04.09"]
[Round "3.3"]
[White "Bara, Jan"]
[Black "Sysrova, Eliska"]
[Result "1-0"]
[WhiteElo "1597"]
[BlackElo "1295"]
[PlyCount "53"]
[EventDate "2022.04.09"]

{[%evp 0,25,18,-5,-20,-12,-15,-35,-15,-47,-47,-31,-31,-31,-31,-8,-13,-13,-13,
-21,81,22,22,30,413,371,424,424]} 1. c4 e5 {[%emt 0:00:11]} 2. Nc3 Nc6 {
[%emt 0:00:01]} 3. g3 {[%emt 0:00:03]} Nf6 {[%emt 0:00:07]} 4. Bg2 {[%emt 0:00:
02]} Bc5 {[%emt 0:00:09]} 5. d3 {[%emt 0:00:15]} O-O {[%emt 0:00:08]} 6. Nf3 {
[%emt 0:00:02]} d5 {[%emt 0:00:27]} 7. cxd5 {[%emt 0:00:36]} Nxd5 {[%emt 0:00:
03]} 8. Nxd5 {[%emt 0:00:06]} Qxd5 {[%emt 0:00:03]} 9. O-O {[%emt 0:00:07]} e4
{[%emt 0:00:54]} 10. dxe4 {[%emt 0:00:09]} Qxe4 {[%emt 0:00:02]} 11. Ng5 {
[%emt 0:00:06]} Qe8 {[%emt 0:00:13]} 12. Qc2 {[%emt 0:00:04]} g6 {[%emt 0:01:
34]} 13. Qxc5 {[%emt 0:00:05]} Bd7 {[%emt 0:00:43]} 14. Bf4 {[%emt 0:00:59]}
Qxe2 {[%emt 0:00:47]} 15. Bxc7 {[%emt 0:00:04]} Qxb2 {[%emt 0:00:46]} 16. Bd6 {
[%emt 0:00:14]} Rfe8 {[%emt 0:00:29]} 17. Rab1 {[%emt 0:00:07]} Qxa2 {[%emt 0:
01:21]} 18. Bd5 {[%emt 0:00:17]} Qe2 {[%emt 0:01:55]} 19. Bxf7+ {[%emt 0:00:06]
} Kg7 {[%emt 0:00:06]} 20. Bxe8 {[%emt 0:00:59]} Rxe8 {[%emt 0:00:05]} 21. Rxb7
{[%emt 0:00:06]} Ne5 {[%emt 0:00:56]} 22. Bxe5+ {[%emt 0:00:07]} Rxe5 {[%emt 0:
00:16]} 23. Rxd7+ {[%emt 0:00:02]} Kh6 {[%emt 0:00:05]} 24. Rxh7+ {[%emt 0:00:
19]} Kxg5 {[%emt 0:00:04]} 25. Qxe5+ {[%emt 0:00:02]} Qxe5 {[%emt 0:00:03]} 26.
f4+ {[%emt 0:00:01]} Kg4 {[%emt 0:00:06]} 27. fxe5 {[%emt 0:00:02]} 1-0

[Event "Orlická šachovnice 2022"]
[Site "Usti nad Orlici"]
[Date "2022.04.09"]
[Round "4.1"]
[White "Pokorny, Jiri"]
[Black "Dusanek, Michal"]
[Result "0-1"]
[WhiteElo "1487"]
[BlackElo "1725"]
[PlyCount "58"]
[EventDate "2022.04.09"]

{[%evp 0,38,23,18,54,8,7,-18,-5,-1,-12,-17,19,-8,-5,-21,32,6,53,-4,-16,-11,-42,
-64,-52,-39,-40,-60,6,-19,12,-6,57,52,77,43,52,56,68,40,70]} 1. e4 c5 {[%emt 0:
00:02]} 2. c3 d5 {[%emt 0:00:12]} 3. exd5 {[%emt 0:00:03]} Qxd5 {[%emt 0:00:01]
} 4. d4 {[%emt 0:00:01]} Nf6 {[%emt 0:00:03]} 5. Nf3 {[%emt 0:00:16]} Bg4 {
[%emt 0:00:02]} 6. Be2 {[%emt 0:00:08]} e6 {[%emt 0:00:03]} 7. O-O {[%emt 0:01:
10]} Be7 {[%emt 0:00:24]} 8. Bf4 {[%emt 0:01:47]} O-O {[%emt 0:00:32]} 9. Nbd2
{[%emt 0:00:05]} cxd4 {[%emt 0:00:09]} 10. cxd4 {[%emt 0:00:21]} Nc6 {[%emt 0:
00:24]} 11. Nb3 {[%emt 0:00:20]} Rfd8 {[%emt 0:00:36]} 12. h3 {[%emt 0:00:38]}
Bh5 {[%emt 0:00:10]} 13. Rc1 {[%emt 0:00:46]} Qd7 {[%emt 0:01:28]} 14. a3 {
[%emt 0:02:23]} Bxf3 {[%emt 0:01:06]} 15. Bxf3 {[%emt 0:00:14]} Nxd4 {[%emt 0:
00:05]} 16. Nxd4 {[%emt 0:00:40]} Qxd4 {[%emt 0:00:02]} 17. Qxd4 {[%emt 0:00:
05]} Rxd4 18. Bxb7 {[%emt 0:00:05]} Rad8 {[%emt 0:00:28]} 19. Be3 {[%emt 0:00:
08]} R4d7 {[%emt 0:00:13]} 20. Bf3 {[%emt 0:00:09]} Nd5 {[%emt 0:00:15]} 21.
Bd4 {[%emt 0:00:35]} Bf6 {[%emt 0:00:39]} 22. Bxd5 {[%emt 0:00:50]} Bxd4 {
[%emt 0:00:13]} 23. Bc6 {[%emt 0:00:09]} Rc7 {[%emt 0:00:20]} 24. Rfd1 {
[%emt 0:00:19]} Kf8 {[%emt 0:00:34]} 25. Kf1 {[%emt 0:00:04]} Ke7 {[%emt 0:00:
04]} 26. Rc2 {[%emt 0:00:10]} e5 {[%emt 0:01:14]} 27. f4 {[%emt 0:01:04]} exf4
{[%emt 0:00:39]} 28. Re2+ {[%emt 0:00:02]} Be3 {[%emt 0:00:32]} 29. Bf3 {
[%emt 0:00:17]} Rxd1+ {[%emt 0:00:04]} 0-1

[Event "Orlická šachovnice 2022"]
[Site "Usti nad Orlici"]
[Date "2022.04.09"]
[Round "4.2"]
[White "Shvachko, Gleb"]
[Black "Fousek, Petr"]
[Result "1-0"]
[WhiteElo "1723"]
[BlackElo "1441"]
[PlyCount "171"]
[EventDate "2022.04.09"]

{[%evp 0,22,23,23,28,28,44,38,38,38,48,16,12,5,31,-1,80,10,110,36,18,6,23,22,
50]} 1. d4 Nf6 {[%emt 0:00:03]} 2. Nf3 {[%emt 0:00:02]} g6 {[%emt 0:00:02]} 3.
Bf4 {[%emt 0:00:01]} Bg7 {[%emt 0:00:02]} 4. e3 {[%emt 0:00:01]} d6 {[%emt 0:
00:03]} 5. c4 {[%emt 0:00:01]} O-O {[%emt 0:00:03]} 6. Nc3 {[%emt 0:00:01]}
Nbd7 {[%emt 0:00:04]} 7. Be2 Re8 {[%emt 0:00:07]} 8. h3 {[%emt 0:00:09]} e5 {
[%emt 0:00:05]} 9. dxe5 {[%emt 0:00:02]} dxe5 {[%emt 0:00:02]} 10. Bg3 {
[%emt 0:00:07]} Nh5 {[%emt 0:00:09]} 11. Bh2 {[%emt 0:00:02]} c6 {[%emt 0:00:
11]} 12. O-O {[%emt 0:00:04]} Qe7 {[%emt 0:00:10]} 13. Nd2 {[%emt 0:00:27]}
Nhf6 {[%emt 0:00:10]} 14. Qb3 {[%emt 0:00:16]} Nc5 {[%emt 0:00:09]} 15. Qa3 {
[%emt 0:00:13]} Bf5 {[%emt 0:00:20]} 16. Nf3 {[%emt 0:00:20]} Nfd7 {[%emt 0:01:
02]} 17. Rfd1 {[%emt 0:00:50]} Nb6 {[%emt 0:00:29]} 18. Rac1 {[%emt 0:00:39]}
Kh8 {[%emt 0:00:47]} 19. Bg3 {[%emt 0:01:07]} Nbd7 {[%emt 0:00:28]} 20. Rd2 {
[%emt 0:00:35]} Nf8 {[%emt 0:00:50]} 21. Bh4 {[%emt 0:00:27]} f6 {[%emt 0:00:
05]} 22. Rcd1 {[%emt 0:00:21]} g5 {[%emt 0:00:10]} 23. Bg3 {[%emt 0:00:02]} Ng6
{[%emt 0:00:01]} 24. Rd6 {[%emt 0:00:39]} b6 {[%emt 0:00:22]} 25. b4 {[%emt 0:
00:18]} Nb7 {[%emt 0:00:06]} 26. Rxc6 {[%emt 0:00:27]} Nd8 {[%emt 0:01:12]} 27.
Rcd6 {[%emt 0:00:14]} Nf7 {[%emt 0:00:03]} 28. R6d2 {[%emt 0:00:06]} Rad8 {
[%emt 0:00:16]} 29. Nd5 {[%emt 0:00:07]} Qb7 {[%emt 0:00:15]} 30. Nh2 {[%emt 0:
00:13]} Nd6 {[%emt 0:00:10]} 31. Qb3 {[%emt 0:00:14]} Ne4 {[%emt 0:00:09]} 32.
Rb2 {[%emt 0:00:19]} Nxg3 {[%emt 0:00:06]} 33. fxg3 Ne7 {[%emt 0:00:21]} 34.
Ng4 {[%emt 0:00:33]} Nxd5 {[%emt 0:00:07]} 35. Rxd5 {[%emt 0:00:09]} h5 {
[%emt 0:00:19]} 36. Nf2 {[%emt 0:00:05]} Be6 {[%emt 0:00:18]} 37. Rxd8 {
[%emt 0:00:11]} Rxd8 {[%emt 0:00:01]} 38. Bxh5 {[%emt 0:00:15]} f5 {[%emt 0:00:
07]} 39. Be2 {[%emt 0:00:22]} e4 {[%emt 0:00:04]} 40. Rb1 {[%emt 0:00:09]} Be5
{[%emt 0:00:10]} 41. g4 {[%emt 0:00:08]} Rd2 {[%emt 0:00:20]} 42. gxf5 {
[%emt 0:00:17]} Bxf5 {[%emt 0:00:08]} 43. Bg4 Bxg4 {[%emt 0:00:05]} 44. Nxg4 {
[%emt 0:00:01]} Qf7 {[%emt 0:00:38]} 45. Rf1 {[%emt 0:00:10]} Qe6 {[%emt 0:00:
27]} 46. Nxe5 {[%emt 0:00:13]} Qxe5 {[%emt 0:00:01]} 47. c5 {[%emt 0:01:07]}
bxc5 {[%emt 0:01:04]} 48. bxc5 {[%emt 0:00:20]} Rb2 {[%emt 0:00:02]} 49. Rf8+ {
[%emt 0:00:13]} Kh7 {[%emt 0:00:04]} 50. Qg8+ {[%emt 0:00:01]} Kh6 {[%emt 0:00:
07]} 51. Qh8+ {[%emt 0:00:01]} Qxh8 {[%emt 0:00:04]} 52. Rxh8+ {[%emt 0:00:02]}
Kg7 {[%emt 0:00:01]} 53. Re8 {[%emt 0:00:05]} Rxa2 {[%emt 0:00:06]} 54. Rxe4 {
[%emt 0:00:02]} Rc2 {[%emt 0:00:01]} 55. Re7+ {[%emt 0:00:04]} Kf6 {[%emt 0:00:
04]} 56. Rxa7 {[%emt 0:00:01]} Rxc5 {[%emt 0:00:01]} 57. Kf2 Rc2+ {[%emt 0:00:
04]} 58. Kf3 Rc4 {[%emt 0:00:06]} 59. Ra6+ {[%emt 0:00:01]} Kf5 {[%emt 0:00:07]
} 60. g4+ {[%emt 0:00:05]} Ke5 {[%emt 0:00:04]} 61. Ra5+ {[%emt 0:00:01]} Kf6
62. h4 {[%emt 0:00:07]} gxh4 {[%emt 0:00:03]} 63. Rh5 {[%emt 0:00:02]} Rc3 {
[%emt 0:00:09]} 64. Rxh4 Kg6 {[%emt 0:00:04]} 65. Kf4 {[%emt 0:00:01]} Kf6 {
[%emt 0:00:02]} 66. Rh6+ {[%emt 0:00:02]} Kg7 {[%emt 0:00:01]} 67. Re6 {
[%emt 0:00:01]} Kf7 {[%emt 0:00:01]} 68. Rb6 {[%emt 0:00:05]} Rc4+ {[%emt 0:00:
01]} 69. e4 {[%emt 0:00:02]} Ke7 {[%emt 0:00:07]} 70. Kf5 {[%emt 0:00:01]} Rc5+
{[%emt 0:00:02]} 71. e5 {[%emt 0:00:01]} Kf7 {[%emt 0:00:01]} 72. Rb7+ {
[%emt 0:00:01]} Kf8 {[%emt 0:00:04]} 73. Kf6 {[%emt 0:00:02]} Kg8 {[%emt 0:00:
04]} 74. g5 {[%emt 0:00:03]} Rc8 {[%emt 0:00:04]} 75. Rg7+ {[%emt 0:00:05]} Kf8
{[%emt 0:00:04]} 76. Rh7 {[%emt 0:00:04]} Kg8 {[%emt 0:00:02]} 77. g6 Rc6+ {
[%emt 0:00:08]} 78. e6 {[%emt 0:00:05]} Rc8 {[%emt 0:00:03]} 79. Rd7 {[%emt 0:
00:04]} Rf8+ {[%emt 0:00:15]} 80. Ke5 {[%emt 0:00:23]} Re8 {[%emt 0:00:04]} 81.
Kd6 {[%emt 0:00:03]} Kf8 {[%emt 0:00:06]} 82. g7+ {[%emt 0:00:02]} Kg8 {
[%emt 0:00:06]} 83. Rf7 {[%emt 0:00:21]} Ra8 {[%emt 0:00:11]} 84. Rf8+ {
[%emt 0:00:05]} Rxf8 {[%emt 0:00:03]} 85. gxf8=Q+ {[%emt 0:00:02]} Kxf8 {
[%emt 0:00:01]} 86. Kd7 1-0

[Event "Orlická šachovnice 2022"]
[Site "Usti nad Orlici"]
[Date "2022.04.09"]
[Round "4.3"]
[White "Jun, Rostislav"]
[Black "Bara, Jan"]
[Result "0-1"]
[WhiteElo "1418"]
[BlackElo "1597"]
[PlyCount "102"]
[EventDate "2022.04.09"]

{[%evp 0,21,23,18,54,46,56,18,-5,5,71,70,91,23,52,15,26,-2,2,-18,1,-11,-8,-16]
} 1. e4 {[%emt 0:00:02]} c5 2. Nf3 {[%emt 0:00:03]} Nc6 3. d4 {[%emt 0:00:02]}
cxd4 4. Nxd4 g6 {[%emt 0:00:01]} 5. Nc3 {[%emt 0:00:03]} Bg7 {[%emt 0:00:01]}
6. Nf3 {[%emt 0:00:01]} d6 {[%emt 0:00:05]} 7. Bd2 {[%emt 0:00:01]} Nf6 {
[%emt 0:00:05]} 8. Bb5 {[%emt 0:00:08]} O-O {[%emt 0:00:04]} 9. O-O {[%emt 0:
00:02]} Bd7 {[%emt 0:00:10]} 10. Re1 {[%emt 0:00:07]} a6 {[%emt 0:00:04]} 11.
Bc4 {[%emt 0:00:15]} Bg4 {[%emt 0:00:25]} 12. h3 {[%emt 0:00:13]} Bxf3 {
[%emt 0:00:03]} 13. Qxf3 {[%emt 0:00:12]} Ne5 {[%emt 0:00:02]} 14. Qe2 {
[%emt 0:00:05]} Nxc4 {[%emt 0:00:06]} 15. Qxc4 {[%emt 0:00:04]} Rc8 {[%emt 0:
00:01]} 16. Qd3 {[%emt 0:00:15]} Nd7 {[%emt 0:00:23]} 17. Be3 {[%emt 0:01:00]}
Ne5 {[%emt 0:00:50]} 18. Qd1 {[%emt 0:00:39]} Nc4 {[%emt 0:00:09]} 19. Na4 {
[%emt 0:00:40]} b5 {[%emt 0:00:25]} 20. Nb6 {[%emt 0:00:12]} Nxb6 {[%emt 0:00:
04]} 21. Bxb6 {[%emt 0:00:06]} Qxb6 {[%emt 0:00:02]} 22. c3 {[%emt 0:00:02]} b4
{[%emt 0:00:05]} 23. Rb1 {[%emt 0:00:05]} bxc3 {[%emt 0:00:08]} 24. bxc3 {
[%emt 0:00:03]} Qa5 {[%emt 0:00:03]} 25. c4 {[%emt 0:00:27]} Rxc4 {[%emt 0:00:
12]} 26. Qe2 {[%emt 0:00:11]} Rfc8 {[%emt 0:00:04]} 27. g3 {[%emt 0:00:16]} Rc2
{[%emt 0:00:06]} 28. Qe3 {[%emt 0:00:04]} Qd2 {[%emt 0:00:10]} 29. Qxd2 {
[%emt 0:00:05]} Rxd2 {[%emt 0:00:02]} 30. Rbd1 {[%emt 0:00:01]} Rxa2 {[%emt 0:
00:04]} 31. Rf1 {[%emt 0:00:28]} Rcc2 {[%emt 0:00:05]} 32. h4 {[%emt 0:00:15]}
Re2 {[%emt 0:00:05]} 33. Kg2 {[%emt 0:00:04]} Rxe4 {[%emt 0:00:03]} 34. Kh3 {
[%emt 0:00:01]} Ree2 {[%emt 0:00:05]} 35. Kg2 {[%emt 0:00:04]} Be5 {[%emt 0:00:
15]} 36. Rc1 {[%emt 0:00:09]} Ra3 {[%emt 0:00:16]} 37. Rc8+ {[%emt 0:00:14]}
Kg7 {[%emt 0:00:08]} 38. Kh1 {[%emt 0:00:01]} Bxg3 {[%emt 0:00:20]} 39. fxg3 {
[%emt 0:00:05]} Rxg3 {[%emt 0:00:01]} 40. Rc7 {[%emt 0:00:10]} Rh3+ {[%emt 0:
00:06]} 41. Kg1 Rxh4 {[%emt 0:00:07]} 42. Rc3 {[%emt 0:00:12]} Rhh2 {[%emt 0:
00:05]} 43. Rg3 {[%emt 0:00:04]} h5 {[%emt 0:00:05]} 44. Rf4 {[%emt 0:00:08]}
e5 {[%emt 0:00:23]} 45. Ra4 {[%emt 0:00:01]} Ra2 {[%emt 0:00:08]} 46. Rb4 {
[%emt 0:00:13]} Rhc2 {[%emt 0:00:14]} 47. Rb1 {[%emt 0:00:07]} a5 {[%emt 0:00:
03]} 48. Kf1 {[%emt 0:00:07]} a4 {[%emt 0:00:06]} 49. Ke1 {[%emt 0:00:05]} Rh2
{[%emt 0:00:07]} 50. Kd1 {[%emt 0:00:17]} Rh1+ {[%emt 0:00:10]} 51. Rg1 {
[%emt 0:00:07]} Rxg1# {[%emt 0:00:10]} 0-1